| 000 | 00850nam a2200229 a 4500 | ||
|---|---|---|---|
| 999 |
_c7615 _d7615 |
||
| 001 | 7615 | ||
| 003 | BD-JhCC | ||
| 005 | 20181006123649.0 | ||
| 008 | 180212b2000 bg a|||| ||a| 000 0 ben d | ||
| 035 | _a(BD-JhCC) 7615 | ||
| 040 |
_aBD-JhCC _dBD-JhCC |
||
| 041 | _aben | ||
| 082 |
_a591 _bSHO 2000 |
||
| 100 | _aশহীদুল্লাহ, এ.জে.এম. | ||
| 245 |
_aউচ্চ মাধ্যমিক জীববিজ্ঞান : _bপ্রাণিবিজ্ঞান / _c এ.জে.এম.শহীদুল্লাহ, এ. নারায়ণ চৌধুরী |
||
| 260 |
_aঢাকা : _bমল্লিক ব্রাদার্স ঢাকা , _c2000 |
||
| 300 |
_a368 p .: _c24 cm . |
||
| 650 | _aZoology | ||
| 700 | _aচৌধুরী, এ. নারায়ণ | ||
| 942 |
_2ddc _cBK |
||